Αρχές οικονομίας

Αποθηκεύτηκε σε:
Λεπτομέρειες βιβλιογραφικής εγγραφής
Κύριος συγγραφέας: Κώττης, Γεώργιος Χ., 1934-
Συγγραφή απο Οργανισμό/Αρχή: Υπουργείο Εθνικής Παιδείας και Θρησκευμάτων Παιδαγωγικό Ινστιτούτο
Άλλοι συγγραφείς: Πετράκη-Κώττη, Αθηνά, Μοσχολέα, Δέσποινα
Μορφή: Βιβλίο
Γλώσσα:Greek
Δημοσίευση: Αθήνα : Οργανισμός Εκδόσεως Διδακτικών Βιβλίων, 1999.
Θέματα:
Ετικέτες: Προσθήκη ετικέτας
Δεν υπάρχουν, Καταχωρήστε ετικέτα πρώτοι!

MARC

LEADER 00000cam a2200000 i 4500
001 1/74575
008 050330s1999 gr | ||| |||| ||gre||
035 |l 10077440 
040 |a GR-MyUA  |b gre  |e AACR2 
041 0 |a gre 
082 0 |a 330  |2 (21) 
100 1 |a Κώττης, Γεώργιος Χ.,   |d 1934- 
245 1 0 |a Αρχές οικονομίας /   |c Γεώργιος Κώττης, Αθηνά Πετράκη-Κώττη, Δέσποινα Μοσχολέα.  
260 |a Αθήνα :   |b Οργανισμός Εκδόσεως Διδακτικών Βιβλίων,   |c 1999.  
300 |a 154 σ. :   |b εικ. ;   |c 24 εκ.  
500 |a Τεχνικά Επαγγελματικά Εκπαιδευτήρια, τομέας οικονομίας και διοίκησης, Α' τάξη 1ου κύκλου.  
650 0 0 |a Economics  |x Study and teaching (Higher) 
700 1 |a Πετράκη-Κώττη, Αθηνά. 
700 1 |a Μοσχολέα, Δέσποινα. 
710 2 |a Υπουργείο Εθνικής Παιδείας και Θρησκευμάτων   |b Παιδαγωγικό Ινστιτούτο. 
852 |a INST  |b SAMOS  |e 20050330  |h 330 ΚΩΤ  |p 005300025256  |q 005300025256  |t BK  |y 0 
901 |a BIBL3-2005-1 
909 |a Σ  |b 114442 
970 |a ΜΑΛΑΓΑΡΗ  |b ΦΩΤΕΙΝΗ  |z 2005/03/30